Tottenham Hotspurs all time xi - Statistics

General Stats
  • This quiz has been taken 111 times
  • The average score is 6 of 11
Answer Stats
Hint Answer % Correct
FW(England) Harry Kane
100%
FW(South Korea) Heung-Min Son
100%
GK(France) Hugo Lloris
100%
MF(Wales) Gareth Bale
85%
DF(England) Kyle Walker
65%
DF(England) Leadley King
45%
FW(England) Jimmy Greaves
36%
MF(Northern Ireland Danny Blanchflower
21%
DF(England) Gary Mabbutt
13%
MF(England) Steve Perryman
13%
DF(England) Cyril Knowles
6%
No matching quizzes found
Score Distribution
Percent of People with Each Score
Percentile by Number Answered
Your Score History
You have not taken this quiz